5 Największych miast w każdym państwie Europy - Statystyki

Ogólne statystyki
  • Ten quiz został rozwiązany 310 razy
  • Średni wynik to 96 z 200
Odpowiedzi na mapie
Odpowiedzi zakodowano w zielono-czerwonej skali na mapie do tego quizu, zgodnie z poniższymi procentami.
 
Statystyki odpowiedzi
Państwo Miasto Liczba ludności % Poprawnych
Polska Warszawa 1 777 972
98%
Polska Kraków 771 069
97%
Rosja Moskwa 12 432 531
97%
Niemcy Berlin 3 644 826
96%
Polska Łódź 685 285
96%
Polska Poznań 536 438
96%
Polska Wrocław 640 648
96%
Czarnogóra Bar 15 868
95%
Ukraina Kijów 2 950 819
95%
Wielka Brytania Londyn 8 992 166
95%
Hiszpania Madryt 3 266 126
95%
Francja Paryż 2 187 526
95%
Hiszpania Barcelona 1 636 762
94%
Białoruś Mińsk 2 020 600
94%
Włochy Rzym 2 856 133
94%
Rosja Sankt Petersburg 5 383 890
94%
Norwegia Oslo 693 494
92%
Czechy Praga 1 324 277
92%
Irlandia Dublin 553 165
91%
Finlandia Helsinki 653 835
91%
Szwecja Sztokholm 1 758 893
91%
Dania Kopenhaga 1 330 993
90%
Portugalia Lizbona 552 700
90%
Włochy Mediolan 1 378 689
90%
Austria Wiedeń 1 911 728
90%
Węgry Budapeszt 1 752 286
89%
Rumunia Bukareszt 1 883 425
89%
Niemcy Monachium 1 471 508
89%
Grecja Ateny 664 046
88%
Turcja Stambuł 9 874 000
88%
Litwa Wilno 551 020
88%
Holandia Amsterdam 1 114 745
87%
Słowacja Bratysława 432 864
87%
Niemcy Hamburg 1 841 179
86%
Portugalia Porto 237 591
86%
Łotwa Ryga 632 614
86%
Bułgaria Sofia 1 242 568
86%
Francja Marsylia 863 310
85%
Włochy Neapol 959 188
85%
Estonia Tallinn 437 619
85%
Belgia Bruksela 181 726
84%
Chorwacja Zagrzeb 688 163
84%
Włochy Turyn 875 698
83%
Wielka Brytania Liverpool 583 132
82%
Serbia Belgrad 1 166 763
81%
Szwajcaria Berno 134 542
81%
Wielka Brytania Glasgow 623 260
81%
Francja Lyon 516 092
81%
Ukraina Charków 1 446 107
79%
Grecja Saloniki 315 196
79%
Bośnia i Hercegowina Sarajewo 348 363
78%
Wielka Brytania Birmingham 1 159 114
76%
Ukraina Donieck 913 323
76%
Mołdawia Kiszyniów 532 513
76%
Czechy Brno 381 346
75%
Niemcy Frankfurt 753 056
75%
Włochy Palermo 663 401
75%
Albania Tirana 418 495
75%
Ukraina Odessa 1 013 159
74%
Słowenia Lublana 284 355
73%
Luksemburg Luksemburg 122 273
73%
Holandia Rotterdam 829 875
73%
Hiszpania Sewilla 688 592
73%
Szwecja Malmö 321 845
72%
Islandia Reykjavík 222 776
72%
Litwa Kowno 289 380
71%
Macedonia Północna Skopje 509 900
71%
Hiszpania Walencja 794 288
71%
Szwajcaria Zurych 420 097
71%
Holandia Haga 803 835
70%
Niemcy Kolonia 1 085 664
70%
Francja Nicea 340 017
69%
Czechy Ostrawa 287 968
69%
Szwajcaria Genewa 203 909
64%
Kosowo Prisztina 145 149
62%
Czarnogóra Podgorica 150 977
61%
Chorwacja Split 167 121
61%
Szwecja Goteborg 651 014
60%
Austria Graz 291 007
60%
Białoruś Grodno 356 900
60%
Słowacja Koszyce 238 757
60%
Austria Salzburg 155 031
60%
Austria Innsbruck 131 989
57%
Belgia Antwerpia 525 935
56%
Austria Linz 206 604
56%
Rosja Kazań 1 251 969
54%
Litwa Kłajpeda 149 157
54%
Norwegia Trondheim 205 163
54%
Bułgaria Warna 336 216
54%
Irlandia Cork 125 622
53%
Norwegia Bergen 283 929
51%
Portugalia Braga 136 885
51%
Ukraina Dniepr 998 103
51%
Czechy Pilzno 174 842
51%
Francja Tuluza 479 553
51%
Szwajcaria Bazylea 173 183
48%
Holandia Eindhoven 298 795
48%
Czechy Liberec 104 802
48%
Hiszpania Saragossa 674 997
48%
Serbia Nowy Sad 231 798
46%
Chorwacja Rijeka 128 384
45%
Dania Aarhus 280 534
43%
Węgry Debreczyn 201 432
42%
Dania Aalborg 117 351
40%
Rosja Niżny Nowogród 1 253 511
40%
Chorwacja Zadar 67 309
40%
Wielka Brytania Bristol 576 813
38%
Rumunia Kluż-Napoka 324 576
38%
Szwajcaria Lozanna 139 344
38%
Słowenia Maribor 97 522
38%
Mołdawia Tyraspol 133 807
37%
Belgia Liège 197 327
36%
Dania Odense 180 302
36%
Grecja Pireus 163 688
36%
Białoruś Homel 510 300
35%
Bułgaria Płowdiw 347 851
35%
Holandia Utrecht 382 520
35%
Bułgaria Burgas 201 779
34%
Belgia Gandawa 262 219
34%
Bośnia i Hercegowina Mostar 60 195
33%
Białoruś Witebsk 364 800
32%
Rumunia Konstanca 283 872
31%
Rosja Samara 1 156 608
31%
Szwecja Uppsala 166 049
31%
Słowacja Żylina 80 634
31%
Finlandia Oulu 205 489
30%
Albania Durrës 113 249
29%
Finlandia Tampere 238 140
29%
Rumunia Timisoara 319 279
29%
Słowacja Preszów 82 286
28%
Bośnia i Hercegowina Banja Luka 135 059
27%
Serbia Nisz 183 164
27%
Łotwa Dyneburg 78 112
26%
Węgry Miszkolc 154 521
26%
Rumunia Jassy 290 422
25%
Słowenia Koper 26 410
25%
Białoruś Mohylew 357 100
25%
Norwegia Stavanger 143 574
25%
Estonia Narwa 52 495
24%
Finlandia Espoo 289 731
23%
Estonia Tartu 97 304
23%
Słowacja Nitra 76 499
22%
Belgia Charleroi 202 267
21%
Irlandia Limerick 99 287
21%
Łotwa Lipawa 67 398
21%
Węgry Pecz 142 873
21%
Irlandia Galway 85 91
20%
Chorwacja Osijek 75 535
20%
Węgry Segedyn 160 766
20%
Litwa Poniewież 84 392
18%
Litwa Szawle 101 514
18%
Słowenia Celje 38 059
17%
Turcja Edirne 172 802
17%
Islandia Keflavík i Njarðvík 21 847
17%
Albania Szkodra 86 677
17%
Grecja Patras 167 446
16%
Grecja Larissa 144 651
15%
Estonia Parnawa 41 529
14%
Bułgaria Stara Zagora 134 726
14%
Czarnogóra Budva 20 168
13%
Luksemburg Dudelange 22 203
13%
Serbia Kragujevac 150 835
12%
Serbia Subotica 88 752
12%
Macedonia Północna Tetowo 63 176
12%
Finlandia Vantaa 233 775
12%
Dania Esbjerg 71 554
11%
Bośnia i Hercegowina Tuzla 74 457
11%
Szwecja Västerås 127 799
11%
Albania Wlora 79 513
11%
Islandia Akureyri 19 847
10%
Mołdawia Bielce 90 954
10%
Macedonia Północna Bitola 69 287
10%
Łotwa Jełgawa 54 821
10%
Łotwa Jurmała 51 933
10%
Słowenia Kranj 37 966
10%
Czarnogóra Niksic 54 394
10%
Irlandia Waterford 60 079
10%
Kosowo Prizren 76 85
9%
Bośnia i Hercegowina Zenica 70 553
9%
Turcja Tekirdağ 174 685
8%
Mołdawia Bendery 87 000
7%
Portugalia Amadora 175 136
6%
Turcja Çorlu 288 692
6%
Luksemburg Differdange 30 789
6%
Albania Elbasan 78 703
6%
Luksemburg Esch-Sur-Alzette 37 922
6%
Macedonia Północna Kumanowo 75 051
6%
Portugalia Vila Nova de Gaia 186 502
6%
Macedonia Północna Prilep 63 308
5%
Kosowo Gjakove / Djakowica 41 809
4%
Mołdawia Rybnica 47 949
4%
Norwegia Bærum 127 731
3%
Estonia Kohtla-Järve 32 893
3%
Czarnogóra Pljevlja 16 419
3%
Islandia Selfoss 9 871
3%
Turcja Silivri 181 997
3%
Islandia Akranes 8 159
2%
Kosowo Ferizaj / Uroševac 48 472
2%
Kosowo Gnjilane / Gjilan 53 279
2%
Luksemburg Petange 21 086
2%
Nie znaleziono quizów pasujących do podanych kryteriów
Rozkład punktacji
Procent ludzi z każdym wynikiem
Percentyl według liczby udzielonych odpowiedzi
Twoja historia wyników
Nie rozwiązałeś tego quizu